Statistics for Vocabulary Words With Three T's

Click here to take the quiz!

General Stats

  • This quiz has been taken 151 times
  • The average score is 8 of 20

Answer Stats

HintAnswer% Correct
tryattempt
78%
taste that lingers after eating or drinkingaftertaste
68%
he or she will sleep with you, for a priceprostitute
66%
emails often come with oneattachment
63%
walking, ___, gallopingtrotting
58%
does eyesight checks and prescribes glassesoptometrist
54%
you can post short messages on this websitetwitter
53%
the longest is I-90interstate
52%
prettyattractive
45%
very small kitchenkitchenette
44%
socially prescribed good mannersetiquette
43%
able to be relied upontrustworthy
32%
very poor, totally impoverisheddestitute
31%
dying without leaving a willintestate
22%
professional or research organisationinstitute
14%
omelette => France as ___ => Italyfrittata
12%
aroused, teased, excited pleasurablytitillated
10%
often on a hilltop, it relays TV or phone signalstransmitter
9%
grower of grapesviticulturalist
8%
introduces after-dinner speakers at social eventstoastmaster
4%

Score Distribution

Percentile by Number Answered

Percent of People with Each Score

Your Score History

You have not taken this quiz